<?xml version="1.0" encoding="UTF-8"?>
<collection xmlns="http://www.loc.gov/MARC21/slim">
  <record>
    <leader>00000nam  2200000   4500</leader>
    <controlfield tag="001">INLIS000000000000778</controlfield>
    <controlfield tag="005">20180724140117</controlfield>
    <controlfield tag="008">180724|||||||||   |   |||   |||| ||   | </controlfield>
    <datafield tag="035" ind1=" " ind2=" ">
      <subfield code="0">010-0718000778</subfield>
    </datafield>
    <datafield tag="041" ind1=" " ind2=" ">
      <subfield code="a">id</subfield>
    </datafield>
    <datafield tag="082" ind1=" " ind2=" ">
      <subfield code="a">050</subfield>
    </datafield>
    <datafield tag="090" ind1=" " ind2=" ">
      <subfield code="a">R.050 PIM I 2015</subfield>
    </datafield>
    <datafield tag="100" ind1=" " ind2=" ">
      <subfield code="a">Basalamah, Helmi</subfield>
    </datafield>
    <datafield tag="245" ind1=" " ind2=" ">
      <subfield code="a">Peningkatan Kualitas Kinerja Kementerian Lingkungan Hidup Dan Kehutanan Melalui Penyempurnaan Mekanisme Perencanaan Dan Pengendalian Kinerja Di Unit Kerja Lingkup Kementerian Lingkungan Hidup Dan Kehutanan.</subfield>
    </datafield>
    <datafield tag="260" ind1=" " ind2=" ">
      <subfield code="a">Jakarta</subfield>
      <subfield code="b">LAN Jakarta</subfield>
      <subfield code="c">2015</subfield>
    </datafield>
    <datafield tag="300" ind1=" " ind2=" ">
      <subfield code="a">13 hlm.;lamp</subfield>
    </datafield>
    <datafield tag="500" ind1=" " ind2=" ">
      <subfield code="a">Keluaran utama dari Proyek Perubahan ini adalah tersedianya dokumen penyelarasan kinerja dan mekanisme pengendaliannya di unit kerja lingkup Kementerian Lingkungan Hidup dan Kehutanan yang dalam bentuk pedoman penyusunan rencana strategis, dan pedoman pemantauan dan evaluasi di lingkungan Kementerian Lingkungan Hidup dan Kehutanan. Keduanya akan ditetapkan dalam Peraturan Menteri Lingkungan Hidup dan Kehutanan , yang prosesnya dibangun dan dikonsultasikan untuk mendorong kepemilikan terhadap kedua produk dari seluruh satuan kerja di lingkungan Kementerian.</subfield>
    </datafield>
    <datafield tag="650" ind1=" " ind2=" ">
      <subfield code="a">Kinerja</subfield>
    </datafield>
  </record>
</collection>
